Reverse Dictionary #70 - Statistics

General Stats
  • This quiz has been taken 32 times
  • The average score is 15 of 25
Answer Stats
Definition First
Letter
Word % Correct
A twisted strand of fiber used for knitting or weaving. Y Yarn
93%
A numerical value equal to 4; the number after three and before five; two plus two. F Four
89%
A female chicken (Gallus gallus), particularly a sexually mature one kept for her eggs. H Hen
89%
Not arriving or occurring until after an expected time. L Late
89%
To happen or take place. O Occur
89%
To remove markings or information. E Erase
86%
1. Unpleasantly rough to the touch or other senses.2. Severe or cruel. H Harsh
86%
To plead with someone for help, a favor, etc.; to entreat. B Beg
82%
The force an object exerts on the object it is on due to gravitation. W Weight
79%
Making a murmuring sound reminiscent of a dove or pigeon. C Cooing
75%
Number-two; following after the first one with nothing between them. The ordinal number corresponding to the cardinal number two. S Second
75%
A colourant, especially one that has an affinity to the substrate to which it is applied. D Dye
71%
An expression of mirth particular to the human species. L Laugh
68%
(of words, equipment, etc.) No longer in use; gone into disuse; disused or neglected (often in favour of something newer). O Obsolete
64%
Prevalent or widespread among a given class or area; common, usual. G General
61%
Young or seeming young. Y Youthful
61%
A piece of literature or passage of scripture expressed aloud to an audience. R Reading
54%
Unwilling to spend, give, or share; ungenerous; mean. S Stingy
54%
1. Infernal.2. (hyperbolic) Causing great pain, discomfort or distress. H Hellish
50%
A horizontal bar extending between supports and used for support or as a barrier. R Rail
39%
Excessively eager and attentive to please or to obey instructions; fawning, subservient, servile. O Obsequious
29%
In a state of overwhelming fear or fright. P Panicky
21%
(colloquial) Somewhat mad, daft or eccentric; goofy. D Daffy
14%
Ephemeral, fleeting, momentary. E Evanescent
11%
Possessing the quality or ability of motion. A Animate
7%
No matching quizzes found
Score Distribution
Percent of People with Each Score
Percentile by Number Answered
Your Score History
You have not taken this quiz